000 00679nam a22002417a 4500
003 UA-OsUOA
001 99210
007 ta
008 20130425b un ||||| |||| 00| 0 ukr d
100 _aСлепухин Ю.
090 _a821.161.1
_bС47
942 _cBK
040 _aUA-OsUOA
_brus
_cUA-OsUOA
_dUA-OsUOA
245 _aСладостно и почетно
300 _a446 с.
955 _a3
041 _arus
080 _a821.161.1
260 _aЛенинград
_bСоветский писатель
_c1985
246 3 1 _aроман в трех томах
_n
650 7 _a82 Література. Літературознавство
_2UDC
999 _c385327
_d385327